Statistics for Songs by Antonyms

Click here to take the quiz!

General Stats

  • This quiz has been taken 82 times
  • The average score is 5 of 15

Answer Stats

Song AntonymActual Name% Correct
LeaveSTAY
74%
ManWoman
74%
Boys Unlike MeGirls Like You
70%
Bad as HeavenGood as Hell
61%
Hot LungsCold Heart
57%
Hard on YouEasy On Me
49%
Good BehaviourBad Habits
23%
Not What I HateThat's What I Like
23%
Frost TidesHeat Waves
21%
Waste My SmilesSave Your Tears
19%
Thumbs StraightFingers Crossed
14%
Good HateBad Romance
13%
Hate MeAdore You
9%
Good CreatureBad Guy
8%
DroppingLevitating
8%

Score Distribution

Percentile by Number Answered

Percent of People with Each Score

Your Score History

You have not taken this quiz